Lesser Known Rivers - Statistics

General Stats
  • This quiz has been taken 25 times
  • The average score is 6 of 9
Answer Stats
Hint River % Correct
Victoria Falls is on this river Zambezi
95%
River in northern Italy Po
91%
Longest river in South Africa Orange
77%
River that flows from China through Indian to Bangladesh Brahmaputra
68%
River flowing through Kyiv Dnieper
68%
Two letter river that flows through Siberia Ob
68%
River going through Myanmar Irrawaddy
50%
Longest river in British Columbia Fraser
36%
River on the North Korea-China border Yalu
23%
No matching quizzes found
Score Distribution
Percent of People with Each Score
Percentile by Number Answered
Your Score History
You have not taken this quiz